| 000 | 00484nam a2200181Ia 4500 | ||
|---|---|---|---|
| 005 | 20250423095149.0 | ||
| 008 | 250422s9999 xx 000 0 und d | ||
| 020 | _a9788189757724 | ||
| 050 | _aTK 275 .G87/ | ||
| 100 | _aGupta, J.B. | ||
| 245 | 0 | _aElectronic measurement & instrumentation | |
| 260 | _aNew Delhi | ||
| 260 | _bS. K. Kataria & Sons | ||
| 260 | _c2012 | ||
| 300 | _a472 p | ||
| 650 | _aElectric measurements--Congresses. Electronic measurements. | ||
| 942 | _cBK | ||
| 999 |
_c29434 _d29434 |
||